Visualizzazione normale
Vista MARC
- Prefazione di Erio Castellucci
di Personal Name
Records bibliografici associati: 1
001 - CONTROL NUMBER
- control field: 60779
003 - CONTROL NUMBER IDENTIFIER
- control field:
005 - DATE AND TIME OF LATEST TRANSACTION
- control field: 20240614112602.0
008 - FIXED-LENGTH DATA ELEMENTS
- fixed length control field: 240614|| aca||aabn | a|a d
040 ## - CATALOGING SOURCE
- Original cataloging agency:
- Transcribing agency:
100 ## - HEADING--PERSONAL NAME
- Personal name: Prefazione di Erio Castellucci
670 ## - SOURCE DATA FOUND
- Source citation: Work cat.: ()360122: Comunità di Caresto 56128, Il desiderio come cammino dell'anima., 2024